|
|
|
|
| LEADER |
00000nam a22000007a 4500 |
| 005 |
2018100107207.0 |
| 007 |
cr|||| |||| |
| 008 |
181001s2016 mx |||||s|||| 00||0 spa d |
| 020 |
|
|
|a 978-607-8484-16-4
|
| 035 |
|
|
|a 22047
|
| 040 |
|
|
|a vLex
|
| 090 |
|
|
|c 8169
|d 8169
|
| 100 |
1 |
|
|a Alamilla Villeda, Erasmo Palemn̤
|
| 245 |
1 |
2 |
|a La Secuencia del Procedimiento Penal en el Cd̤igo Nacional
|h [Recurso electrn̤ico] /
|c Erasmo Palemn̤ Alamilla Villeda
|
| 256 |
|
|
|a Servicio en ln̕ea
|
| 260 |
|
|
|a Ciudad de Mx̌ico:
|b Aqua Ediciones S.A. de C.V.,
|c 2016
|
| 300 |
|
|
|a 1 recurso electrn̤ico
|
| 506 |
1 |
|
|a Disponible solo en los productos indicados
|d vLex Global
|d vLex Global (Academic Edition, excluding Law Schools)
|d vLex Global (U.S. Academic Edition, Law Schools)
|d vLex Global (U.S. Academic Edition, excluding Law Schools)
|d vLex Global (Academic Edition, Law Schools)
|
| 650 |
0 |
4 |
|a Derecho Procesal
|z Mx̌ico
|
| 650 |
0 |
4 |
|a Procedimiento Penal
|z Mx̌ico
|
| 740 |
0 |
|
|a vLex Libros (Servicio en ln̕ea)
|
| 856 |
4 |
0 |
|u http://vlex.com/source/secuencia-del-procedimiento-penal-en-el-codigo-nacional-22047
|z Acceso restringido
|
| 942 |
|
|
|c BOOK
|
| 999 |
0 |
|
|a Procedural Law
|
| 999 |
0 |
|
|a Criminal Procedure
|